Ethical perspectives and leadership practices for good governance in the 21st century / (Record no. 81232)

MARC details
000 -LEADER
fixed length control field 00751nam a22002057a 4500
005 - DATE AND TIME OF LATEST TRANSACTION
control field 20131218152958.0
010 ## - LCCN (DPL NO)
LC control number ENG-108889
020 ## - INTERNATIONAL STANDARD BOOK NUMBER
International Standard Book Number 9789382816072
Terms of availability 1295.00
035 ## - SYSTEM CONTROL NUMBER
System control number EN-92422
037 ## - SOURCE OF ACQUISITION
Source of stock number/acquisition DBAD/PUB
082 ## - DEWEY DECIMAL CLASSIFICATION NUMBER
Classification number 658.4092
100 ## - MAIN ENTRY--PERSONAL NAME
Personal name Miluwi, Joshua O.
245 ## - TITLE STATEMENT
Title Ethical perspectives and leadership practices for good governance in the 21st century /
Statement of responsibility, etc by Joshua O. Miluwi [and] HIna Rashid
260 ## - PUBLICATION, DISTRIBUTION, ETC. (IMPRINT)
Place of publication, distribution, etc New Delhi
Name of publisher, distributor, etc Manglam Publishers and Distributors
Date of publication, distribution, etc 2013
270 ## - ADDRESS
Address L-21/1, Street No.5, Shivaji Marg, Near Kali Mandir, J.P. Nagar, Kartar Nagar , West Ghonda
City New Delhi
Postal code 110053
300 ## - PHYSICAL DESCRIPTION
Extent 408p.
Dimensions 22cm(Hb)
500 ## - GENERAL NOTE
General note Includes index
700 ## - ADDED ENTRY--PERSONAL NAME
Personal name Hina Rashid
942 ## - ADDED ENTRY ELEMENTS (KOHA)
Source of classification or shelving scheme Dewey Decimal Classification
Item type English Books
Call number suffix MIL
Classification part 658.4092
Holdings
Withdrawn status Lost status Not for loan Collection code Home library Current library Date acquired Source of acquisition Cost, normal purchase price Full call number Barcode Copy number Cost, replacement price Koha item type
    Not For Loan Non-fiction D.B.Act.Division D.B.Act.Division 18/12/2013 DBAD/PUB 1295.00 658.4092 MIL EN-92422 1 1295.00 English Books

© Delhi Public Library
Hit Counter
free hit counter